UM Logo

A forward compensation method to eliminate DC phase error in SRF-PLL / (Record no. 19359)

MARC details
000 -LEADER
fixed length control field 01057nam a22002537a 4500
003 - CONTROL NUMBER IDENTIFIER
control field OSt
005 - DATE AND TIME OF LATEST TRANSACTION
control field 20250910093640.0
008 - FIXED-LENGTH DATA ELEMENTS--GENERAL INFORMATION
fixed length control field 240226b ||||| |||| 00| 0 eng d
040 ## - CATALOGING SOURCE
Transcribing agency 0
082 ## - DEWEY DECIMAL CLASSIFICATION NUMBER
Classification number DPer 621.317 Ie21 June 2022 v. 37 n. 6
100 ## - MAIN ENTRY--PERSONAL NAME
Personal name Wang, Yuchen.
Relator term author.
9 (RLIN) 53346
245 ## - TITLE STATEMENT
Title A forward compensation method to eliminate DC phase error in SRF-PLL /
Statement of responsibility, etc. Yuchen Wang, Hengliang Zhang, Kai Liu, Mingjin Hu, Zheng Wu, Chao Zhang, and Wei Hua.
260 ## - PUBLICATION, DISTRIBUTION, ETC. (IMPRINT)
Place of publication, distribution, etc. New York ;
Name of publisher, distributor, etc. The Institute of Electrical and Electronics Engineers, Inc. ,
Date of publication, distribution, etc. June 2022.
300 ## - PHYSICAL DESCRIPTION
Extent Volume 37, pages 6280-6284 :
Other physical details illustration ;
Dimensions 29 cm.
500 ## - GENERAL NOTE
General note IEEE Transactions on Power Electronics, vol. 37, no. 6, pages 6280-6284, June 2022.
700 ## - ADDED ENTRY--PERSONAL NAME
Personal name Wang, Yuchen.
Relator term author.
9 (RLIN) 53346
700 ## - ADDED ENTRY--PERSONAL NAME
Personal name Zhang, Hengliang.
Relator term author.
9 (RLIN) 53347
700 ## - ADDED ENTRY--PERSONAL NAME
Personal name Liu, Kai.
Relator term author.
9 (RLIN) 53348
700 ## - ADDED ENTRY--PERSONAL NAME
Personal name Hu, Mingjin.
Relator term author.
9 (RLIN) 53349
700 ## - ADDED ENTRY--PERSONAL NAME
Personal name Wu, Zheng.
Relator term author.
9 (RLIN) 53350
700 ## - ADDED ENTRY--PERSONAL NAME
Personal name Zhang, Chao.
Relator term author.
9 (RLIN) 53351
700 ## - ADDED ENTRY--PERSONAL NAME
Personal name Hua, Wei.
Relator term author.
9 (RLIN) 53352
942 ## - ADDED ENTRY ELEMENTS (KOHA)
Source of classification or shelving scheme Dewey Decimal Classification
Koha item type Periodicals
Holdings
Withdrawn status Lost status Source of classification or shelving scheme Damaged status Not for loan Collection code Home library Current library Date acquired Total Checkouts Full call number Date last seen Price effective from Koha item type Public note
    Dewey Decimal Classification     Periodicals UM Digos College - LIC UM Digos College - LIC 02/26/2024   DPer 621.317 Ie21 June 2022 v.37 n. 6 02/26/2024 02/26/2024 Periodicals Periodical Article